Úskalia pri utváraní teoretického obrazu hospodárskej stránky modernizovanej spoločnosti

Neúspechy hospodársko-politických postupov, ktoré sa opierajú o uznávanú hospodársku teóriu. Pôvod problémov pri poznávaní hospodárskej stránky modernizovanej spoločnosti. Problémové oblasti v doterajšom teoretickom poznaní a poznávaní hospodárskej stránky modernizovanej spoločnosti.

Gespeichert in:
Bibliographische Detailangaben
1. Verfasser: Choluj, Vladimír
Format: Buchkapitel
Sprache:Slowakisch
Schlagworte:
Tags: Tag hinzufügen
Keine Tags, Fügen Sie das erste Tag hinzu!

MARC

LEADER 00000naa$a2200000$$$4500
001 0112721
005 20240502072243.4
041 0 |a slo 
044 |a SK 
245 1 0 |a Úskalia pri utváraní teoretického obrazu hospodárskej stránky modernizovanej spoločnosti  |c Vladimír Choluj 
520 |a Neúspechy hospodársko-politických postupov, ktoré sa opierajú o uznávanú hospodársku teóriu. Pôvod problémov pri poznávaní hospodárskej stránky modernizovanej spoločnosti. Problémové oblasti v doterajšom teoretickom poznaní a poznávaní hospodárskej stránky modernizovanej spoločnosti. 
610 2 0 |a politika hospodárska 
610 2 0 |a ekonómia 
610 2 0 |a teórie ekonomické 
610 2 0 |a vedomosti 
610 2 0 |a spoločnosť 
610 2 0 |a makroekonomika 
100 1 |a Choluj, Vladimír